[Event "DEM U12 2021"]
[Site "Willingen GER"]
[Date "2021.08.23"]
[Round "1"]
[White "Kuhlmann, Nils Magnus"]
[Black "Fruth, David"]
[Result "1/2-1/2"]
[Termination "normal"]
[Board "13"]
[WhiteElo "1224"]
[BlackElo "1749"]
[WhiteClock "00:30:29"]
[BlackClock "01:12:06"]
[PlyCount "119"]
[WhiteFideId "16287177"]
[BlackFideId "16257596"]
[EventCountry "GER"]
[EventRounds "9"]
[EventType "swiss"]
[EventDate "2021.08.22"]

1. e4 {[%clk 01:30:56]} {[%emt 00:00:04]} c5 {[%clk 01:30:59]} {[%emt
00:00:01]} 2. Nf3 {[%clk 01:31:13]} {[%emt 00:00:13]} g6 {[%clk 01:31:26]}
{[%emt 00:00:02]} 3. d4 {[%clk 01:23:07]} {[%emt 00:08:36]} cxd4 {[%clk
01:31:53]} {[%emt 00:00:03]} 4. Nxd4 {[%clk 01:23:01]} {[%emt 00:00:38]} Bg7
{[%clk 01:32:21]} {[%emt 00:00:01]} 5. Nc3 {[%clk 01:18:29]} {[%emt 00:05:02]}
Nc6 {[%clk 01:32:18]} {[%emt 00:00:33]} 6. Be3 {[%clk 01:18:48]} {[%emt
00:00:10]} Nf6 {[%clk 01:32:33]} {[%emt 00:00:16]} 7. Bc4 {[%clk 01:10:50]}
{[%emt 00:08:28]} O-O {[%clk 01:32:58]} {[%emt 00:00:05]} 8. O-O {[%clk
01:11:15]} {[%emt 00:00:05]} Nxe4 {[%clk 01:33:06]} {[%emt 00:00:22]} 9. Nxe4
{[%clk 01:05:40]} {[%emt 00:06:04]} d5 {[%clk 01:33:31]} {[%emt 00:00:05]} 10.
Nxc6 {[%clk 01:03:38]} {[%emt 00:02:33]} bxc6 {[%clk 01:33:49]} {[%emt
00:00:12]} 11. Bd3 {[%clk 01:03:37]} {[%emt 00:00:31]} dxe4 {[%clk 01:33:49]}
{[%emt 00:00:28]} 12. Bxe4 {[%clk 01:04:00]} {[%emt 00:00:07]} Ba6 {[%clk
01:34:06]} {[%emt 00:00:12]} 13. Re1 {[%clk 01:01:23]} {[%emt 00:03:09]} Bxb2
{[%clk 01:34:24]} {[%emt 00:00:12]} 14. Rb1 {[%clk 00:59:49]} {[%emt 00:02:05]}
Bc3 {[%clk 01:34:30]} {[%emt 00:00:23]} 15. Qxd8 {[%clk 00:59:40]} {[%emt
00:00:39]} Rfxd8 {[%clk 01:33:41]} {[%emt 00:01:19]} 16. Red1 {[%clk 00:59:41]}
{[%emt 00:00:28]} Bb5 {[%clk 01:33:40]} {[%emt 00:00:29]} 17. Rxd8+ {[%clk
00:57:12]} {[%emt 00:03:02]} Rxd8 {[%clk 01:33:52]} {[%emt 00:00:18]} 18. Bxa7
{[%clk 00:45:49]} {[%emt 00:11:53]} Ra8 {[%clk 01:33:22]} {[%emt 00:00:59]} 19.
Rxb5 {[%clk 00:40:30]} {[%emt 00:05:50]} Rxa7 {[%clk 01:33:50]} {[%emt
00:00:02]} 20. Rc5 {[%clk 00:35:47]} {[%emt 00:05:13]} Rxa2 {[%clk 01:32:26]}
{[%emt 00:01:53]} 21. g3 {[%clk 00:35:59]} {[%emt 00:00:18]} Ra1+ {[%clk
01:30:37]} {[%emt 00:02:19]} 22. Kg2 {[%clk 00:36:18]} {[%emt 00:00:11]} Bd4
{[%clk 01:30:34]} {[%emt 00:00:29]} 23. Rxc6 {[%clk 00:34:01]} {[%emt
00:02:52]} Rd1 {[%clk 01:30:38]} {[%emt 00:00:22]} 24. c3 {[%clk 00:32:57]}
{[%emt 00:01:38]} Bf6 {[%clk 01:29:13]} {[%emt 00:01:54]} 25. Rc7 {[%clk
00:17:33]} {[%emt 00:15:55]} Re1 {[%clk 01:28:41]} {[%emt 00:01:00]} 26. Bf3
{[%clk 00:15:26]} {[%emt 00:02:38]} Rc1 {[%clk 01:28:44]} {[%emt 00:00:25]} 27.
c4 {[%clk 00:15:12]} {[%emt 00:00:46]} Rc2 {[%clk 01:28:44]} {[%emt 00:00:29]}
28. Be4 {[%clk 00:15:11]} {[%emt 00:00:32]} Re2 {[%clk 01:28:55]} {[%emt
00:00:18]} 29. Bd3 {[%clk 00:13:28]} {[%emt 00:02:13]} Rd2 {[%clk 01:29:19]}
{[%emt 00:00:06]} 30. Rd7 {[%clk 00:12:06]} {[%emt 00:01:53]} e6 {[%clk
01:29:17]} {[%emt 00:00:31]} 31. c5 {[%clk 00:11:31]} {[%emt 00:01:06]} Kf8
{[%clk 01:29:22]} {[%emt 00:00:22]} 32. c6 {[%clk 00:11:36]} {[%emt 00:00:28]}
Ke8 {[%clk 01:24:56]} {[%emt 00:04:55]} 33. Rb7 {[%clk 00:08:32]} {[%emt
00:03:35]} Rxd3 {[%clk 01:23:29]} {[%emt 00:01:57]} 34. Rb8+ {[%clk 00:08:39]}
{[%emt 00:00:23]} Rd8 {[%clk 01:19:59]} {[%emt 00:04:00]} 35. c7 {[%clk
00:08:27]} {[%emt 00:00:41]} Kd7 {[%clk 01:20:24]} {[%emt 00:00:05]} 36.
cxd8=Q+ {[%emt 00:00:38]} Bxd8 {[%clk 01:20:15]} {[%emt 00:00:30]} 37. Rb7+
{[%clk 00:08:39]} {[%emt 00:00:20]} Bc7 {[%clk 01:20:42]} {[%emt 00:00:04]} 38.
Ra7 {[%clk 00:08:51]} {[%emt 00:00:18]} Kd6 {[%clk 01:20:23]} {[%emt 00:00:48]}
39. Ra6+ {[%clk 00:06:50]} {[%emt 00:02:32]} Kd7 {[%clk 01:18:46]} {[%emt
00:02:07]} 40. f4 {[%clk 00:06:37]} {[%emt 00:00:43]} Bd6 {[%clk 01:17:45]}
{[%emt 00:01:30]} 41. Ra7+ {[%clk 00:06:09]} {[%emt 00:00:59]} Ke8 {[%clk
01:18:01]} {[%emt 00:00:13]} 42. Ra8+ {[%clk 00:06:35]} {[%emt 00:00:05]} Ke7
{[%clk 01:18:25]} {[%emt 00:00:05]} 43. Rh8 {[%clk 00:06:00]} {[%emt 00:01:05]}
h5 {[%clk 01:17:22]} {[%emt 00:01:33]} 44. Kf3 {[%clk 00:06:02]} {[%emt
00:00:28]} Kf6 {[%clk 01:17:03]} {[%emt 00:00:49]} 45. g4 {[%clk 00:05:59]}
{[%emt 00:00:32]} hxg4+ {[%clk 01:16:02]} {[%emt 00:01:32]} 46. Kxg4 {[%clk
00:06:21]} {[%emt 00:00:07]} Kg7 {[%clk 01:15:48]} {[%emt 00:00:42]} 47. Rd8
{[%clk 00:06:32]} {[%emt 00:00:21]} Bc5 {[%clk 01:15:27]} {[%emt 00:00:51]} 48.
Rc8 {[%clk 00:06:08]} {[%emt 00:00:54]} Ba3 {[%clk 01:13:42]} {[%emt 00:02:14]}
49. Rc3 {[%clk 00:05:37]} {[%emt 00:01:02]} f5+ {[%clk 01:13:29]} {[%emt
00:00:44]} 50. Kf3 {[%emt 00:01:49]} Be7 {[%clk 01:13:28]} {[%emt 00:00:30]}
51. Rc7 {[%clk 00:03:56]} {[%emt 00:00:53]} Kf8 {[%clk 01:12:26]} {[%emt
00:01:30]} 52. Rc8+ {[%clk 00:02:21]} {[%emt 00:02:07]} Kf7 {[%clk 01:12:51]}
{[%emt 00:00:05]} 53. Rc7 {[%clk 00:02:39]} {[%emt 00:00:11]} Ke8 {[%clk
01:13:14]} {[%emt 00:00:06]} 54. Rb7 {[%clk 00:02:14]} {[%emt 00:00:55]} g5
{[%clk 01:13:35]} {[%emt 00:00:09]} 55. Rxe7+ {[%clk 00:01:46]} {[%emt
00:00:59]} Kxe7 {[%clk 01:13:31]} {[%emt 00:00:34]} 56. fxg5 {[%clk 00:02:11]}
{[%emt 00:00:05]} e5 {[%clk 01:13:04]} {[%emt 00:00:57]} 57. h4 {[%clk
00:02:16]} {[%emt 00:00:25]} Ke6 {[%clk 01:12:09]} {[%emt 00:01:25]} 58. h5
{[%clk 00:00:49]} {[%emt 00:01:57]} e4+ {[%clk 01:11:40]} {[%emt 00:00:59]} 59.
Kf4 {[%clk 00:00:45]} {[%emt 00:00:33]} Kf7 {[%clk 01:12:06]} {[%emt 00:00:03]}
60. g6+ {[%clk 00:30:29]} {[%emt 00:00:47]} 1/2-1/2

[Event "DEM U12 2021"]
[Site "Willingen GER"]
[Date "2021.08.23"]
[Round "1"]
[White "Haubold, Christian Lucas"]
[Black "Bock, Leonas"]
[Result "1-0"]
[Termination "normal"]
[Board "14"]
[WhiteElo "1649"]
[BlackElo "1278"]
[WhiteClock "00:29:34"]
[BlackClock "00:12:06"]
[PlyCount "55"]
[WhiteFideId "16259629"]
[BlackFideId "16287118"]
[EventCountry "GER"]
[EventRounds "9"]
[EventType "swiss"]
[EventDate "2021.08.22"]

1. e4 {[%clk 01:30:57]} {[%emt 00:00:02]} d6 {[%clk 01:30:48]} {[%emt
00:00:12]} 2. d4 {[%clk 01:31:15]} {[%emt 00:00:12]} Nf6 {[%clk 01:31:12]}
{[%emt 00:00:06]} 3. Nc3 {[%clk 01:31:37]} {[%emt 00:00:08]} c6 {[%clk
01:31:33]} {[%emt 00:00:10]} 4. a4 {[%clk 01:30:51]} {[%emt 00:01:16]} Qa5
{[%clk 01:28:26]} {[%emt 00:03:36]} 5. Bd2 {[%clk 01:29:40]} {[%emt 00:01:41]}
Qc7 {[%clk 01:25:36]} {[%emt 00:03:18]} 6. h3 {[%clk 01:23:44]} {[%emt
00:06:27]} e5 {[%clk 01:22:56]} {[%emt 00:03:10]} 7. Nge2 {[%clk 01:23:33]}
{[%emt 00:00:42]} Nbd7 {[%clk 01:21:51]} {[%emt 00:01:35]} 8. g3 {[%clk
01:21:45]} {[%emt 00:02:17]} Be7 {[%clk 01:21:33]} {[%emt 00:00:47]} 9. Bg2
{[%clk 01:21:57]} {[%emt 00:00:19]} O-O {[%clk 01:15:59]} {[%emt 00:06:04]} 10.
O-O {[%clk 01:20:53]} {[%emt 00:01:34]} Re8 {[%clk 01:10:17]} {[%emt 00:06:12]}
11. g4 {[%clk 01:19:00]} {[%emt 00:02:24]} Nf8 {[%clk 01:02:08]} {[%emt
00:08:38]} 12. a5 {[%clk 01:15:27]} {[%emt 00:04:03]} Ng6 {[%clk 00:58:28]}
{[%emt 00:04:09]} 13. f4 {[%clk 01:12:30]} {[%emt 00:03:27]} Nh4 {[%clk
00:43:44]} {[%emt 00:15:15]} 14. g5 {[%clk 01:10:51]} {[%emt 00:02:08]} Nh5
{[%clk 00:42:38]} {[%emt 00:01:36]} 15. dxe5 {[%clk 00:54:52]} {[%emt
00:16:30]} dxe5 {[%clk 00:42:31]} {[%emt 00:00:36]} 16. f5 {[%clk 00:54:00]}
{[%emt 00:01:23]} Bc5+ {[%clk 00:39:25]} {[%emt 00:03:35]} 17. Kh2 {[%clk
00:47:15]} {[%emt 00:07:15]} Rd8 {[%clk 00:38:49]} {[%emt 00:01:06]} 18. Qe1
{[%clk 00:46:32]} {[%emt 00:01:12]} Nxg2 {[%clk 00:33:31]} {[%emt 00:05:48]}
19. Kxg2 {[%clk 00:46:47]} {[%emt 00:00:17]} g6 {[%clk 00:27:18]} {[%emt
00:06:43]} 20. Na4 {[%clk 00:42:19]} {[%emt 00:04:57]} Bd6 {[%clk 00:21:48]}
{[%emt 00:06:00]} 21. Qh4 {[%clk 00:34:29]} {[%emt 00:08:20]} b6 {[%clk
00:17:58]} {[%emt 00:04:21]} 22. axb6 {[%clk 00:30:45]} {[%emt 00:04:14]} axb6
{[%clk 00:16:57]} {[%emt 00:01:30]} 23. Be3 {[%clk 00:30:21]} {[%emt 00:00:55]}
Bc5 {[%clk 00:16:04]} {[%emt 00:01:23]} 24. Nxc5 {[%clk 00:29:08]} {[%emt
00:01:42]} bxc5 {[%clk 00:16:05]} {[%emt 00:00:29]} 25. Rxa8 {[%clk 00:29:29]}
{[%emt 00:00:10]} Qb7 {[%clk 00:14:12]} {[%emt 00:02:22]} 26. Ra2 {[%clk
00:29:17]} {[%emt 00:00:42]} Qb5 {[%clk 00:12:59]} {[%emt 00:01:44]} 27. Nc3
{[%clk 00:29:15]} {[%emt 00:00:31]} Qc4 {[%clk 00:12:06]} {[%emt 00:01:22]} 28.
Ra4 {[%clk 00:29:34]} {[%emt 00:00:11]} 1-0

[Event "DEM U12 2021"]
[Site "Willingen GER"]
[Date "2021.08.23"]
[Round "1"]
[White "Meng, Yuxuan"]
[Black "Dordevic, Tom"]
[Result "0-1"]
[Termination "normal"]
[Board "15"]
[WhiteElo "1495"]
[BlackElo "1594"]
[WhiteClock "00:09:59"]
[BlackClock "00:22:13"]
[PlyCount "82"]
[WhiteFideId "16258231"]
[BlackFideId "16260503"]
[EventCountry "GER"]
[EventRounds "9"]
[EventType "swiss"]
[EventDate "2021.08.22"]

1. e4 {[%clk 01:30:57]} {[%emt 00:00:02]} c5 {[%clk 01:30:55]} {[%emt
00:00:05]} 2. Nf3 {[%clk 01:31:24]} {[%emt 00:00:03]} e6 {[%clk 01:31:19]}
{[%emt 00:00:06]} 3. d4 {[%clk 01:31:51]} {[%emt 00:00:04]} cxd4 {[%clk
01:31:45]} {[%emt 00:00:04]} 4. Nxd4 {[%clk 01:32:16]} {[%emt 00:00:05]} a6
{[%clk 01:32:11]} {[%emt 00:00:04]} 5. c4 {[%clk 01:32:41]} {[%emt 00:00:06]}
Nf6 {[%clk 01:32:24]} {[%emt 00:00:15]} 6. Nc3 {[%clk 01:33:07]} {[%emt
00:00:04]} d6 {[%clk 01:32:12]} {[%emt 00:00:42]} 7. Be2 {[%clk 01:33:06]}
{[%emt 00:00:31]} Be7 {[%clk 01:32:04]} {[%emt 00:00:38]} 8. Be3 {[%clk
01:33:19]} {[%emt 00:00:17]} Qc7 {[%clk 01:31:48]} {[%emt 00:00:46]} 9. O-O
{[%clk 01:33:06]} {[%emt 00:00:43]} O-O {[%clk 01:31:43]} {[%emt 00:00:36]} 10.
Rc1 {[%clk 01:32:53]} {[%emt 00:00:42]} b6 {[%clk 01:31:26]} {[%emt 00:00:47]}
11. f3 {[%clk 01:32:57]} {[%emt 00:00:27]} Bb7 {[%clk 01:31:02]} {[%emt
00:00:54]} 12. Qe1 {[%clk 01:31:58]} {[%emt 00:01:29]} Nbd7 {[%clk 01:28:51]}
{[%emt 00:02:41]} 13. Qf2 {[%clk 01:31:31]} {[%emt 00:00:56]} Rac8 {[%clk
01:25:43]} {[%emt 00:03:38]} 14. a3 {[%clk 01:29:18]} {[%emt 00:02:43]} Bd8
{[%clk 01:23:23]} {[%emt 00:02:49]} 15. b4 {[%clk 01:28:36]} {[%emt 00:01:12]}
Qb8 {[%clk 01:23:30]} {[%emt 00:00:23]} 16. Nb3 {[%clk 01:26:30]} {[%emt
00:02:36]} Bc7 {[%clk 01:19:55]} {[%emt 00:04:04]} 17. g3 {[%emt 00:20:59]}
Rfd8 {[%clk 01:03:10]} {[%emt 00:01:49]} 18. Rfd1 {[%clk 01:20:47]} {[%emt
00:01:10]} Bc6 {[%clk 00:50:45]} {[%emt 00:12:56]} 19. c5 {[%clk 01:13:05]}
{[%emt 00:08:12]} bxc5 {[%clk 00:50:27]} {[%emt 00:00:47]} 20. Bxa6 {[%clk
01:11:39]} {[%emt 00:01:57]} Bb7 {[%clk 00:50:50]} {[%emt 00:00:07]} 21. Bxb7
{[%clk 01:11:30]} {[%emt 00:00:39]} Qxb7 {[%clk 00:51:15]} {[%emt 00:00:05]}
22. b5 {[%clk 01:10:27]} {[%emt 00:01:33]} Ne5 {[%clk 00:50:38]} {[%emt
00:01:06]} 23. Qe2 {[%clk 01:05:53]} {[%emt 00:05:04]} c4 {[%clk 00:38:41]}
{[%emt 00:12:28]} 24. Nd4 {[%clk 01:05:22]} {[%emt 00:01:01]} Bb6 {[%clk
00:38:40]} {[%emt 00:00:31]} 25. a4 {[%clk 01:02:25]} {[%emt 00:03:27]} d5
{[%clk 00:33:49]} {[%emt 00:05:21]} 26. f4 {[%clk 00:57:13]} {[%emt 00:05:41]}
Nd3 {[%clk 00:33:40]} {[%emt 00:00:39]} 27. Ra1 {[%clk 00:56:35]} {[%emt
00:01:07]} Qa7 {[%clk 00:29:58]} {[%emt 00:04:11]} 28. a5 {[%clk 00:28:34]}
{[%emt 00:28:33]} Bxd4 {[%clk 00:30:18]} {[%emt 00:00:09]} 29. b6 {[%clk
00:28:00]} {[%emt 00:01:05]} Bxe3+ {[%clk 00:30:34]} {[%emt 00:00:13]} 30. Qxe3
{[%clk 00:28:19]} {[%emt 00:00:11]} Qa6 {[%clk 00:30:17]} {[%emt 00:00:48]} 31.
Qf3 {[%clk 00:27:20]} {[%emt 00:01:28]} d4 {[%clk 00:26:12]} {[%emt 00:04:36]}
32. Ne2 {[%clk 00:23:48]} {[%emt 00:04:02]} Rc5 {[%clk 00:22:27]} {[%emt
00:04:15]} 33. Rdb1 {[%clk 00:21:35]} {[%emt 00:02:43]} Rxa5 {[%clk 00:21:49]}
{[%emt 00:01:09]} 34. Rxa5 {[%clk 00:21:40]} {[%emt 00:00:23]} Qxa5 {[%clk
00:22:14]} {[%emt 00:00:06]} 35. b7 {[%clk 00:20:23]} {[%emt 00:01:46]} Qa7
{[%clk 00:22:23]} {[%emt 00:00:22]} 36. Kh1 {[%clk 00:15:54]} {[%emt 00:05:00]}
Rb8 {[%clk 00:21:49]} {[%emt 00:01:03]} 37. e5 {[%clk 00:11:18]} {[%emt
00:05:07]} Nd5 {[%clk 00:22:09]} {[%emt 00:00:10]} 38. f5 {[%clk 00:09:39]}
{[%emt 00:02:09]} Rxb7 {[%clk 00:22:17]} {[%emt 00:00:23]} 39. Rxb7 {[%clk
00:09:44]} {[%emt 00:00:24]} Qxb7 {[%clk 00:22:38]} {[%emt 00:00:08]} 40. f6
{[%clk 00:09:55]} {[%emt 00:00:20]} Qb1+ {[%clk 00:21:49]} {[%emt 00:01:18]}
41. Kg2 {[%clk 00:09:59]} {[%emt 00:00:27]} Ne1+ {[%clk 00:22:13]} {[%emt
00:00:07]} 0-1

[Event "DEM U12 2021"]
[Site "Willingen GER"]
[Date "2021.08.23"]
[Round "1"]
[White "Lu, Yunong Elias"]
[Black "Schröder, Jan-Hendrik"]
[Result "0-1"]
[Termination "normal"]
[Board "16"]
[WhiteElo "1557"]
[BlackElo "1246"]
[WhiteClock "00:53:29"]
[BlackClock "00:33:18"]
[PlyCount "108"]
[WhiteFideId "16276426"]
[BlackFideId "16283538"]
[EventCountry "GER"]
[EventRounds "9"]
[EventType "swiss"]
[EventDate "2021.08.22"]

1. e4 {[%clk 01:30:54]} {[%emt 00:00:04]} c5 {[%clk 01:29:22]} {[%emt
00:01:39]} 2. Nf3 {[%clk 01:30:21]} {[%emt 00:01:02]} d6 {[%clk 01:28:34]}
{[%emt 00:01:18]} 3. Bb5+ {[%clk 01:29:45]} {[%emt 00:01:07]} Bd7 {[%clk
01:26:52]} {[%emt 00:02:12]} 4. c4 {[%clk 01:29:35]} {[%emt 00:00:40]} Nf6
{[%clk 01:25:46]} {[%emt 00:01:36]} 5. Nc3 {[%clk 01:28:34]} {[%emt 00:01:31]}
g6 {[%clk 01:24:59]} {[%emt 00:01:17]} 6. d4 {[%clk 01:27:24]} {[%emt
00:01:39]} cxd4 {[%clk 01:24:02]} {[%emt 00:01:27]} 7. Nxd4 {[%clk 01:26:44]}
{[%emt 00:01:07]} Bg7 {[%clk 01:22:39]} {[%emt 00:01:56]} 8. O-O {[%clk
01:25:41]} {[%emt 00:01:32]} O-O {[%clk 01:21:43]} {[%emt 00:01:27]} 9. Bxd7
{[%clk 01:24:57]} {[%emt 00:01:14]} Qxd7 {[%clk 01:20:51]} {[%emt 00:01:22]}
10. Be3 {[%clk 01:22:19]} {[%emt 00:03:07]} Ng4 {[%clk 01:15:25]} {[%emt
00:05:56]} 11. Bg5 {[%clk 01:21:07]} {[%emt 00:01:42]} h6 {[%clk 01:14:03]}
{[%emt 00:01:51]} 12. Bh4 {[%clk 01:20:03]} {[%emt 00:01:35]} Rc8 {[%clk
01:11:09]} {[%emt 00:03:24]} 13. Nd5 {[%clk 01:16:42]} {[%emt 00:03:52]} Rxc4
{[%clk 00:58:15]} {[%emt 00:13:24]} 14. Nxe7+ {[%clk 01:15:37]} {[%emt
00:01:34]} Kf8 {[%clk 00:58:01]} {[%emt 00:00:44]} 15. Nb3 {[%clk 01:07:12]}
{[%emt 00:08:56]} g5 {[%clk 00:56:51]} {[%emt 00:01:39]} 16. Nf5 {[%clk
01:06:46]} {[%emt 00:00:56]} Bxb2 {[%clk 00:48:07]} {[%emt 00:09:14]} 17. Qxg4
{[%clk 01:06:18]} {[%emt 00:00:58]} Bxa1 {[%clk 00:47:13]} {[%emt 00:01:25]}
18. Rxa1 {[%clk 01:06:22]} {[%emt 00:00:25]} Nc6 {[%clk 00:43:51]} {[%emt
00:03:52]} 19. Qh5 {[%clk 01:05:42]} {[%emt 00:01:10]} Qe6 {[%clk 00:37:51]}
{[%emt 00:06:31]} 20. Bg3 {[%clk 01:05:24]} {[%emt 00:00:48]} Rxe4 {[%clk
00:37:00]} {[%emt 00:01:22]} 21. f3 {[%clk 01:00:21]} {[%emt 00:05:32]} Re2
{[%clk 00:33:17]} {[%emt 00:04:13]} 22. Bxd6+ {[%clk 00:57:43]} {[%emt
00:03:07]} Kg8 {[%clk 00:32:41]} {[%emt 00:01:07]} 23. Nxh6+ {[%clk 00:57:39]}
{[%emt 00:00:33]} Kg7 {[%clk 00:32:10]} {[%emt 00:01:02]} 24. Qxg5+ {[%clk
00:57:51]} {[%emt 00:00:18]} Kh7 {[%clk 00:31:22]} {[%emt 00:01:18]} 25. Nf5
{[%clk 00:57:40]} {[%emt 00:00:41]} Re1+ {[%clk 00:30:57]} {[%emt 00:00:55]}
26. Kf2 {[%clk 00:57:25]} {[%emt 00:00:45]} Qe2+ {[%clk 00:31:02]} {[%emt
00:00:25]} 27. Kg3 {[%clk 00:57:48]} {[%emt 00:00:07]} Rg8 {[%clk 00:31:08]}
{[%emt 00:00:23]} 28. Qxg8+ {[%clk 00:54:44]} {[%emt 00:03:35]} Kxg8 {[%clk
00:31:17]} {[%emt 00:00:21]} 29. Rxe1 {[%clk 00:53:22]} {[%emt 00:01:52]} Qxe1+
{[%clk 00:31:43]} {[%emt 00:00:05]} 30. Kh3 {[%clk 00:53:48]} {[%emt 00:00:04]}
Qe6 {[%clk 00:31:39]} {[%emt 00:00:33]} 31. g4 {[%clk 00:52:05]} {[%emt
00:02:13]} Qe2 {[%clk 00:30:56]} {[%emt 00:01:12]} 32. Bg3 {[%clk 00:50:58]}
{[%emt 00:01:39]} b6 {[%clk 00:30:27]} {[%emt 00:00:59]} 33. f4 {[%clk
00:50:10]} {[%emt 00:01:18]} Qxa2 {[%clk 00:30:35]} {[%emt 00:00:22]} 34. Nbd4
{[%clk 00:50:00]} {[%emt 00:00:40]} Nxd4 {[%clk 00:30:56]} {[%emt 00:00:09]}
35. Nxd4 {[%clk 00:50:27]} {[%emt 00:00:03]} Qc4 {[%clk 00:31:01]} {[%emt
00:00:24]} 36. Nf5 {[%clk 00:50:48]} {[%emt 00:00:09]} a5 {[%clk 00:31:07]}
{[%emt 00:00:24]} 37. Nh6+ {[%clk 00:50:01]} {[%emt 00:01:17]} Kh7 {[%clk
00:31:24]} {[%emt 00:00:13]} 38. Nf5 {[%clk 00:50:25]} {[%emt 00:00:06]} a4
{[%clk 00:31:40]} {[%emt 00:00:14]} 39. Ne3 {[%clk 00:50:14]} {[%emt 00:00:41]}
Qb3 {[%clk 00:32:01]} {[%emt 00:00:09]} 40. Nf5 {[%clk 00:50:26]} {[%emt
00:00:18]} a3 {[%clk 00:32:22]} {[%emt 00:00:10]} 41. Kh4 {[%clk 00:50:40]}
{[%emt 00:00:15]} a2 {[%clk 00:32:31]} {[%emt 00:00:21]} 42. g5 {[%clk
00:50:18]} {[%emt 00:00:51]} a1=Q {[%clk 00:32:10]} {[%emt 00:00:18]} 43. Nh6
{[%clk 00:50:36]} {[%emt 00:00:46]} Qe6 {[%clk 00:31:12]} {[%emt 00:01:29]} 44.
Ng4 {[%clk 00:50:34]} {[%emt 00:00:32]} Qd1 {[%clk 00:31:07]} {[%emt 00:00:35]}
45. Nf6+ {[%clk 00:51:01]} {[%emt 00:00:03]} Kh8 {[%clk 00:31:00]} {[%emt
00:00:37]} 46. h3 {[%clk 00:51:00]} {[%emt 00:00:31]} Qxf6 {[%clk 00:31:06]}
{[%emt 00:00:24]} 47. gxf6 {[%clk 00:51:22]} {[%emt 00:00:07]} b5 {[%clk
00:31:23]} {[%emt 00:00:13]} 48. Kg5 {[%clk 00:51:45]} {[%emt 00:00:07]} Qg1
{[%clk 00:31:29]} {[%emt 00:00:24]} 49. Kh4 {[%clk 00:52:08]} {[%emt 00:00:06]}
b4 {[%clk 00:31:50]} {[%emt 00:00:10]} 50. f5 {[%clk 00:52:29]} {[%emt
00:00:10]} b3 {[%clk 00:32:10]} {[%emt 00:00:10]} 51. Bf4 {[%clk 00:52:48]}
{[%emt 00:00:10]} b2 {[%clk 00:32:26]} {[%emt 00:00:14]} 52. Bg5 {[%clk
00:52:34]} {[%emt 00:00:44]} b1=Q {[%clk 00:32:42]} {[%emt 00:00:09]} 53. Kh5
{[%clk 00:53:03]} Qxf5 {[%clk 00:32:52]} {[%emt 00:00:25]} 54. h4 {[%clk
00:53:29]} {[%emt 00:00:05]} Qg6# {[%clk 00:33:18]} {[%emt 00:00:04]} 0-1

[Event "DEM U12 2021"]
[Site "Willingen GER"]
[Date "2021.08.23"]
[Round "1"]
[White "Schaudienst, Arvid"]
[Black "Torosyan, Bagrat"]
[Result "0-1"]
[Termination "normal"]
[Board "17"]
[WhiteElo "1368"]
[BlackElo "1598"]
[WhiteClock "01:05:49"]
[BlackClock "01:09:34"]
[PlyCount "40"]
[WhiteFideId "16266943"]
[BlackFideId "16258134"]
[EventCountry "GER"]
[EventRounds "9"]
[EventType "swiss"]
[EventDate "2021.08.22"]

1. e4 {[%clk 01:30:54]} {[%emt 00:00:05]} c5 {[%clk 01:30:57]} {[%emt
00:00:05]} 2. Nf3 {[%clk 01:31:12]} {[%emt 00:00:11]} d6 {[%clk 01:31:22]}
{[%emt 00:00:06]} 3. d4 {[%clk 01:31:33]} {[%emt 00:00:09]} cxd4 {[%clk
01:31:48]} {[%emt 00:00:04]} 4. Nxd4 {[%clk 01:31:46]} {[%emt 00:00:16]} Nf6
{[%clk 01:32:13]} {[%emt 00:00:05]} 5. Nc3 {[%clk 01:32:06]} {[%emt 00:00:10]}
a6 {[%clk 01:32:33]} {[%emt 00:00:10]} 6. f4 {[%clk 01:32:29]} {[%emt
00:00:07]} Qc7 {[%clk 01:31:39]} {[%emt 00:01:25]} 7. Bd3 {[%clk 01:31:11]}
{[%emt 00:01:47]} e6 {[%clk 01:31:22]} {[%emt 00:00:47]} 8. Qf3 {[%clk
01:30:03]} {[%emt 00:01:39]} b5 {[%clk 01:27:21]} {[%emt 00:04:32]} 9. Be3
{[%clk 01:27:48]} {[%emt 00:02:44]} Bb7 {[%clk 01:26:27]} {[%emt 00:01:23]} 10.
O-O-O {[%clk 01:27:53]} {[%emt 00:00:25]} Nbd7 {[%clk 01:25:31]} {[%emt
00:01:26]} 11. g4 {[%clk 01:23:19]} {[%emt 00:05:04]} Nc5 {[%clk 01:15:59]}
{[%emt 00:10:03]} 12. Nb3 {[%clk 01:21:03]} {[%emt 00:02:45]} Nxd3+ {[%clk
01:14:48]} {[%emt 00:01:42]} 13. Rxd3 {[%clk 01:20:33]} {[%emt 00:00:59]} b4
{[%clk 01:13:03]} {[%emt 00:02:16]} 14. g5 {[%clk 01:16:28]} {[%emt 00:04:35]}
Nd7 {[%clk 01:10:45]} {[%emt 00:02:48]} 15. Ne2 {[%clk 01:14:33]} {[%emt
00:02:24]} a5 {[%clk 01:10:23]} {[%emt 00:00:53]} 16. f5 {[%clk 01:12:39]}
{[%emt 00:02:24]} Ne5 {[%clk 01:10:14]} {[%emt 00:00:39]} 17. Rc3 {[%clk
01:07:19]} {[%emt 00:05:49]} bxc3 {[%clk 01:10:15]} {[%emt 00:00:28]} 18. Qh5
{[%clk 01:05:21]} {[%emt 00:02:29]} cxb2+ {[%clk 01:10:15]} {[%emt 00:00:31]}
19. Kb1 {[%clk 01:05:49]} {[%emt 00:00:01]} Bxe4 {[%clk 01:09:34]} {[%emt
00:01:11]} 20. fxe6 {[%emt 00:00:16]} Qxc2# {[%emt 00:00:12]} 0-1